Discurso del señor Ministro de Relaciones Exteriores de Honduras pronunciado ante el XLI periodo de sesiones de la Asamblea General de Naciones Unidas New York, 8 de octubre de 1986

Guardado en:
書目詳細資料
企業作者: Honduras. Secretaria de Relaciones Exteriores
格式: Texto
出版: Tegucigalpa: Secretaria de Relaciones Exzteriores de la República de Honduras
標簽: 添加標簽
沒有標簽, 成為第一個標記此記錄!

MARC

LEADER 00000 a a2200000 04500
001 22882
003
040
090 |a 158000  
110 |a Honduras. Secretaria de Relaciones Exteriores  
245 |a Discurso del señor Ministro de Relaciones Exteriores de Honduras pronunciado ante el XLI periodo de sesiones de la Asamblea General de Naciones Unidas New York, 8 de octubre de 1986  
260 |a Tegucigalpa:   |b Secretaria de Relaciones Exzteriores de la República de Honduras  
300 |a 12 p.  
999 |c 13945  |d 13945